000 00358nam a2200133Ia 4500
008 210210b1983 xxu||||| |||| 00| 0 eng d
082 _a338.954 MAHG
100 _aMAHAJAN (V S).
245 _aGrowth of agriculture and industry in India.
260 _aND
_bDeep & Deep Publications
_c1983
300 _a176
690 _aIndian Economics
906 _aSG02665
999 _c113498
_d113498